The 7 Habits of Highly Effective People (Record no. 10717)

MARC details
000 -LEADER
fixed length control field 00395nam a22001577a 4500
003 - CONTROL NUMBER IDENTIFIER
control field OSt
008 - FIXED-LENGTH DATA ELEMENTS--GENERAL INFORMATION
fixed length control field 210713b ||||| |||| 00| 0 eng d
020 ## - INTERNATIONAL STANDARD BOOK NUMBER
International Standard Book Number 9781471195709
082 ## - DEWEY DECIMAL CLASSIFICATION NUMBER
Classification number 158.1 COT
100 ## - MAIN ENTRY--PERSONAL NAME
Personal name COVEY,Stephen R
245 ## - TITLE STATEMENT
Title The 7 Habits of Highly Effective People
260 ## - PUBLICATION, DISTRIBUTION, ETC. (IMPRINT)
Place of publication, distribution, etc New Delhi
Name of publisher, distributor, etc Simon and Schuster
Date of publication, distribution, etc 2020
300 ## - PHYSICAL DESCRIPTION
Extent 440
650 ## - SUBJECT ADDED ENTRY--TOPICAL TERM
Topical term or geographic name as entry element Applied Sc
942 ## - ADDED ENTRY ELEMENTS (KOHA)
Source of classification or shelving scheme Dewey Decimal Classification
Koha item type Text Books
942 ## - ADDED ENTRY ELEMENTS (KOHA)
-- 14
Holdings
Withdrawn status Lost status Source of classification or shelving scheme Damaged status Not for loan Collection code Home library Current library Date acquired Source of acquisition Currency Cost, normal purchase price Bill Number Total Checkouts Full call number Acc. no. / Barcode Date last seen Actual Cost, discounted price Bill Date Koha item type Date last borrowed Public note Checked out
    Dewey Decimal Classification     GENERAL PIET C-LIBRARY PIET C-LIBRARY 21/06/2021 Kirti Praskshan IN Rupees 599.00 IN2169   158.1 COT 33067 13/07/2021 449.25 21/06/2021 Text Books      
    Dewey Decimal Classification     GENERAL PIET C-LIBRARY PIET C-LIBRARY 21/06/2021 Kirti Praskshan IN Rupees 599.00 IN2169 8 158.1 COT 33068 03/12/2024 449.25 21/06/2021 Text Books 19/11/2024 Motivational  
    Dewey Decimal Classification     GENERAL PIET C-LIBRARY PIET C-LIBRARY 21/06/2021 Kirti Praskshan IN Rupees 599.00 IN2169 1 158.1 COT 33069 19/01/2022 449.25 21/06/2021 Text Books 19/01/2022 Motivational 18/07/2022
    Dewey Decimal Classification     GENERAL PIET C-LIBRARY PIET C-LIBRARY 21/06/2021 Kirti Praskshan IN Rupees 599.00 IN2169 11 158.1 COT 33070 25/03/2026 449.25 21/06/2021 Text Books 05/01/2026 Motivational  
    Dewey Decimal Classification     GENERAL PIET C-LIBRARY PIET C-LIBRARY 21/06/2021 Kirti Praskshan IN Rupees 599.00 IN2169 8 158.1 COT 33071 02/12/2024 449.25 21/06/2021 Text Books 02/12/2024 Motivational 20/06/2025

Design & Developed by: PIET Central Library
R70 Miles Stone Pattikalyana Samalkha Panipat 132102
mail ID :- [email protected], Phone No:- 0180-2569700 Ex.216